Сбежавший жених и др. юмористические рассказы (Запись № 6454723)

Подробности
000 -МАРКЕР
контрольное поле 01411nam0a22003251 4500
001 - ИДЕНТИФИКАТОР ЗАПИСИ
контрольное поле v19\rc\1921037
005 - ИДЕНТИФИКАТОР ВЕРСИИ
контрольное поле 20251118180644.8
035 ## - ДРУГИЕ СИСТЕМНЫЕ НОМЕРА
Идентификатор записи (NLR Aleph) 005007771
100 ## - ДАННЫЕ ОБЩЕЙ ОБРАБОТКИ
Данные общей обработки 20080404d1912 u y0rusy50 ca
101 1# - ЯЗЫК РЕСУРСА
Язык текста, звукозаписи и т.д. русский
Язык оригинала английский
102 ## - СТРАНА ПУБЛИКАЦИИ ИЛИ ПРОИЗВОДСТВА
Страна публикации российская федерация
105 ## - ПОЛЕ КОДИРОВАННЫХ ДАННЫХ: ТЕКСТОВЫЕ МАТЕРИАЛЫ, МОНОГРАФИЧЕСКИЕ
Кодированные данные о монографическом текстовом документе y z |||a|
200 1# - ЗАГЛАВИЕ И СВЕДЕНИЯ ОБ ОТВЕТСТВЕННОСТИ
Основное заглавие Сбежавший жених и др. юмористические рассказы
Первые сведения об ответственности У. Джекобс
Последующие сведения об ответственности Пер. с англ. М. Травиной
210 ## - ПУБЛИКАЦИЯ, РАСПРОСТРАНЕНИЕ И ДР.
Место издания, распространения и т.д. Москва
Имя издателя, распространителя и т. д. "Звезда" Н. Орфенов
Дата издания, распространения и т.д. [1912]
215 ## - ФИЗИЧЕСКАЯ ХАРАКТЕРИСТИКА
Специфическое обозначение материала и объем 64 с.
Размеры 16
225 1# - СЕРИЯ
Основное заглавие серии Популярная библиотека
Обозначение тома № 10
327 0# - ПРИМЕЧАНИЯ О СОДЕРЖАНИИ
Текст примечания Содержание: Сбежавший жених; Глава семьи; Отмененный приговор
464 #0 - АНАЛИТИЧЕСКИЙ УРОВЕНЬ
Встроенное поле 2001#$aСбежавший жених$aГлава семьи$aОтмененный приговор
Заглавие Отмененный приговор
532 12 - РАСШИРЕННОЕ ЗАГЛАВИЕ
Заглавие Сбежавший жених и другие юмористические рассказы
700 #1 - ИМЯ ЛИЦА - ПЕРВИЧНАЯ ОТВЕТСТВЕННОСТЬ
Графика поля Кириллица
Материалы, к которым относится поле rus
Начальный элемент ввода Джейкобс
Часть имени, кроме начального элемента ввода У. У.
Даты 1863-1943
Расширение инициалов личного имени Уильям Уаймарк
Системный номер авторитетной/нормативной записи 258354
Идентификатор авторитетной/нормативной записи RU\NLR\AUTH\770258410
702 #1 - ИМЯ ЛИЦА - ВТОРИЧНАЯ ОТВЕТСТВЕННОСТЬ
Начальный элемент ввода Травина
Часть имени, кроме начального элемента ввода М.
Код отношения Переводчик
801 #0 - ИСТОЧНИК ЗАПИСИ
Страна российская федерация
Организация NLR
Правила каталогизации psbo
801 #0 - ИСТОЧНИК ЗАПИСИ
Страна российская федерация
Организация RuMoRGB
Источник данных psbo
801 #1 - ИСТОЧНИК ЗАПИСИ
Страна российская федерация
Организация ProSoft-M
Источник данных rusmarc
852 ## - МЕСТОНАХОЖДЕНИЕ И ШИФР ХРАНЕНИЯ
Идентификатор организации NLR
Шифр хранения (Call Number) 37.34.10.1(№ 10)
899 ## - ДАННЫЕ О МЕСТОНАХОЖДЕНИИ (устаревшее)
Местонахождение RuMoRGB
Шифр хранения Рб 10/4201
942 ## - ДОПОЛНИТЕЛЬНЫЕ ЭЛЕМЕНТЫ ЗАПИСИ (АБИС)
Тип экземпляра АБИС Книга
980 ## - КОЛЛЕКЦИЯ
Название коллекции Национальная библиография
Экземпляры
Тип экземпляра Дата поступления Библиотека постоянного хранения Библиотека текущего хранения Место хранения Шифр хранения Штрих-код Статус не для выдачи
Книга 26.10.2013 РНБ (Садовая) РНБ (Садовая) Русский книжный фонд -Главное здание, Ленинский читальный зал 37.34.10.1(№ 10) 5007771-10